La revolución cooperativa, o el socialismo de occidente (Record no. 28744)
[ view plain ]
| 000 -CABECERA | |
|---|---|
| campo de control de longitud fija | 02363cam a22005297a 4500 |
| 003 - IDENTIFICADOR DEL NÚMERO DE CONTROL | |
| campo de control | CHAP |
| 005 - FECHA Y HORA DE LA ÚLTIMA TRANSACCIÓN | |
| campo de control | 20220329134949.0 |
| 008 - DATOS DE LONGITUD FIJA--INFORMACIÓN GENERAL | |
| campo de control de longitud fija | 971013s1962 r 00010 d |
| 010 ## - NÚMERO DE CONTROL DE LA BIBLIOTECA DEL CONGRESO | |
| Número de control de LC | 28744 |
| 011 ## - ENLACE DEL NUMERO DE CONTROL DE LA BIBLIOTECA DEL CONGRESO [OBSOLETO] | |
| Número de control de LC | 29716 |
| 035 ## - NÚMERO DE CONTROL DEL SISTEMA | |
| Número de control de sistema | 33827 |
| 040 ## - FUENTE DE LA CATALOGACIÓN | |
| Centro/agencia transcriptor | CHAP |
| 082 ## - NÚMERO DE LA CLASIFICACIÓN DECIMAL DEWEY | |
| Número de clasificación | 334 |
| Número de documento/Ítem | L3 |
| 100 00 - ENTRADA PRINCIPAL--NOMBRE DE PERSONA | |
| Nombre de persona | Lavergne, Bernard. |
| 9 (RLIN) | 65144 |
| 245 13 - MENCIÓN DE TÍTULO | |
| Título | La revolución cooperativa, o el socialismo de occidente |
| Resto del título | : tratado general de cooperativismo de consumo, instituciones y doctrinas |
| 260 ## - PUBLICACIÓN, DISTRIBUCIÓN, ETC. | |
| Lugar de publicación, distribución, etc. | México : |
| Nombre del editor, distribuidor, etc. | Imprenta Universitaria, |
| Fecha de publicación, distribución, etc. | 1962 |
| 300 ## - DESCRIPCIÓN FÍSICA | |
| Extensión | 386 p. |
| 490 #0 - MENCIÓN DE SERIE | |
| Mención de serie | Publicaciones del Instituto de Derecho comparado. Serie E. Varios |
| Designación de volumen o secuencia | ; 1 |
| 590 ## - NOTA LOCAL (RLIN) | |
| Nota local | BATCH-UPD |
| Procedencia (VM) [OBSOLETO] | 10 |
| Condición del los carretes individuales (VM) [OBSOLETO] | 20130110 |
| -- | UCH01 |
| -- | 2043 |
| 590 ## - NOTA LOCAL (RLIN) | |
| Nota local | CONVERSION |
| Procedencia (VM) [OBSOLETO] | 10 |
| Condición del los carretes individuales (VM) [OBSOLETO] | 20130109 |
| -- | UCH01 |
| -- | 1316 |
| 650 14 - PUNTO DE ACCESO ADICIONAL DE MATERIA--TÉRMINO DE MATERIA | |
| Término de materia o nombre geográfico como elemento de entrada | Cooperativismo. |
| 9 (RLIN) | 27786 |
| 830 0# - PUNTO DE ACCESO ADICIONAL DE SERIE-TÍTULO UNIFORME | |
| Título uniforme | Publicaciones del Instituto de Derecho comparado. Serie E. Varios |
| Designación de volumen o secuencia | ; 1 |
| 9 (RLIN) | 92696 |
| 901 ## - ELEMENTOS DE DATOS A LOCAL LDA (RLIN) | |
| a | BK |
| 942 ## - ELEMENTOS DE PUNTO DE ACCESO ADICIONAL (KOHA) | |
| Tipo de ítem Koha | Libro |
| 949 ## - PROCESAMIENTO DE INFORMACIÓN LOCAL (OCLC) | |
| a | 334 L3 |
| b | BC |
| c | BPA |
| d | -80940 |
| e | BPA |
| f | c.3 |
| h | 57 |
| i | 33827 |
| s | i |
| 949 ## - PROCESAMIENTO DE INFORMACIÓN LOCAL (OCLC) | |
| a | 334 L3 |
| b | BC |
| c | BPA |
| d | -80941 |
| e | BPA |
| f | c.4 |
| h | 58 |
| i | 33827 |
| s | i |
| 949 ## - PROCESAMIENTO DE INFORMACIÓN LOCAL (OCLC) | |
| a | 334 L3 |
| b | BC |
| c | BPA |
| d | -80942 |
| e | BPA |
| f | c.5 |
| h | 59 |
| i | 33827 |
| s | i |
| 949 ## - PROCESAMIENTO DE INFORMACIÓN LOCAL (OCLC) | |
| a | 334 L3 |
| b | BC |
| c | BPA |
| d | -80943 |
| e | BPA |
| f | c.6 |
| h | 60 |
| i | 33827 |
| s | i |
| 949 ## - PROCESAMIENTO DE INFORMACIÓN LOCAL (OCLC) | |
| a | 334 L3 |
| b | BC |
| c | BPA |
| d | -80944 |
| e | BPA |
| f | c.7 |
| h | 61 |
| i | 33827 |
| s | i |
| 949 ## - PROCESAMIENTO DE INFORMACIÓN LOCAL (OCLC) | |
| a | 334 L3 |
| b | BC |
| c | BPA |
| d | -80945 |
| e | BPA |
| f | c.8 |
| h | 62 |
| i | 33827 |
| s | i |
| 949 ## - PROCESAMIENTO DE INFORMACIÓN LOCAL (OCLC) | |
| a | 334 L3 |
| b | BC |
| c | BPA |
| d | -80946 |
| e | BPA |
| f | c.9 |
| h | 63 |
| i | 33827 |
| s | i |
| 949 ## - PROCESAMIENTO DE INFORMACIÓN LOCAL (OCLC) | |
| a | 334 L3 |
| b | BC |
| c | BPA |
| d | -80947 |
| e | BPA |
| f | c.10 |
| h | 64 |
| i | 33827 |
| s | i |
| 949 ## - PROCESAMIENTO DE INFORMACIÓN LOCAL (OCLC) | |
| a | 334 L3 |
| b | BC |
| c | BPA |
| d | -80948 |
| e | BPA |
| f | c.11 |
| h | 65 |
| i | 33827 |
| s | i |
| 949 ## - PROCESAMIENTO DE INFORMACIÓN LOCAL (OCLC) | |
| a | 334 L3 |
| b | BC |
| c | BPA |
| d | -80949 |
| e | BPA |
| f | c.12 |
| h | 66 |
| i | 33827 |
| s | i |
| 949 ## - PROCESAMIENTO DE INFORMACIÓN LOCAL (OCLC) | |
| a | 334 L3 |
| b | BC |
| c | BPA |
| d | -80950 |
| e | BPA |
| f | c.13 |
| h | 67 |
| i | 33827 |
| s | i |
| 949 ## - PROCESAMIENTO DE INFORMACIÓN LOCAL (OCLC) | |
| a | 334 L3 |
| b | BC |
| c | BPA |
| d | -80951 |
| e | BPA |
| f | c.14 |
| h | 68 |
| i | 33827 |
| s | i |
| 949 ## - PROCESAMIENTO DE INFORMACIÓN LOCAL (OCLC) | |
| a | 334 L3 |
| b | BC |
| c | BPA |
| d | -80952 |
| e | BPA |
| f | c.15 |
| h | 69 |
| i | 33827 |
| s | i |
| 949 ## - PROCESAMIENTO DE INFORMACIÓN LOCAL (OCLC) | |
| a | 334 L3 |
| b | BC |
| c | BPA |
| d | -80953 |
| e | BPA |
| f | c.16 |
| h | 70 |
| i | 33827 |
| s | i |
| 949 ## - PROCESAMIENTO DE INFORMACIÓN LOCAL (OCLC) | |
| a | 334 L3 |
| b | BC |
| c | BPA |
| d | -80954 |
| e | BPA |
| f | c.17 |
| h | 71 |
| i | 33827 |
| s | i |
| 949 ## - PROCESAMIENTO DE INFORMACIÓN LOCAL (OCLC) | |
| a | 334 L3 |
| b | BC |
| c | BPA |
| d | -80955 |
| e | BPA |
| f | c.18 |
| h | 72 |
| i | 33827 |
| s | i |
| 949 ## - PROCESAMIENTO DE INFORMACIÓN LOCAL (OCLC) | |
| a | 334 L3 |
| b | BC |
| c | BPA |
| d | -80956 |
| e | BPA |
| f | c.19 |
| h | 73 |
| i | 33827 |
| s | i |
| 949 ## - PROCESAMIENTO DE INFORMACIÓN LOCAL (OCLC) | |
| a | 334 L3 |
| b | BC |
| c | BPA |
| d | -80957 |
| e | BPA |
| f | c.20 |
| h | 74 |
| i | 33827 |
| s | i |
| 949 ## - PROCESAMIENTO DE INFORMACIÓN LOCAL (OCLC) | |
| a | 334 L3 |
| b | BC |
| c | BPA |
| d | -80958 |
| e | BPA |
| f | c.21 |
| h | 75 |
| i | 33827 |
| s | i |
| 949 ## - PROCESAMIENTO DE INFORMACIÓN LOCAL (OCLC) | |
| a | 334 L3 |
| b | BC |
| c | BPA |
| d | -80959 |
| e | BPA |
| f | c.22 |
| h | 76 |
| i | 33827 |
| s | i |
| 949 ## - PROCESAMIENTO DE INFORMACIÓN LOCAL (OCLC) | |
| a | 334 L3 |
| b | BC |
| c | LIBRO |
| d | 33724000334405 |
| e | LIBRO |
| f | c.2 |
| h | 56 |
| i | 33827 |
| m | D (CICA) |
| s | i |
| 949 ## - PROCESAMIENTO DE INFORMACIÓN LOCAL (OCLC) | |
| a | 334 L3 |
| b | BC |
| c | LIBRO |
| d | 33724000334413 |
| e | LIBRO |
| h | 55 |
| i | 33827 |
| m | D (CICA) |
| s | i |
| Estado de retiro | Estado de pérdida | Fuente del sistema de clasificación o colocación | Estado dañado | Restricciones de uso | No para préstamo | Código de colección | Localización permanente | Ubicación/localización actual | Ubicación en estantería | Fecha de adquisición | Información codificada de la localización en otra ubicación | Total de préstamos | Signatura topográfica completa | Código de barras | Fecha visto por última vez | Número de copia | Precio válido a partir de | Tipo de ítem Koha | Número de inventario |
|---|---|---|---|---|---|---|---|---|---|---|---|---|---|---|---|---|---|---|---|
| Dewey Decimal Classification | Préstamo 15 días | General | Biblioteca Central | Biblioteca Central | Planta alta - Colección General | 31/12/2019 | LIBRO | 334 L3 | 33724000334405 | 31/12/2019 | c.2 | 31/12/2019 | Libro | ||||||
| Dewey Decimal Classification | Préstamo 15 días | General | Biblioteca Central | Biblioteca Central | Planta alta - Colección General | 31/12/2019 | LIBRO | 334 L3 | 33724000334413 | 31/12/2019 | 31/12/2019 | Libro | |||||||
| Material descartado | Préstamo 3 días | Material descartado | Biblioteca Central | Biblioteca Central | 31/12/2019 | LIBRO | 334 L3 | -80940 | 31/12/2019 | c.3 | 31/12/2019 | Libro | 57 | ||||||
| Material descartado | Préstamo 3 días | Material descartado | Biblioteca Central | Biblioteca Central | 31/12/2019 | LIBRO | 334 L3 | -80941 | 31/12/2019 | c.4 | 31/12/2019 | Libro | 58 | ||||||
| Material descartado | Préstamo 3 días | Material descartado | Biblioteca Central | Biblioteca Central | 31/12/2019 | LIBRO | 334 L3 | -80942 | 31/12/2019 | c.5 | 31/12/2019 | Libro | 59 | ||||||
| Material descartado | Préstamo 3 días | Material descartado | Biblioteca Central | Biblioteca Central | 31/12/2019 | LIBRO | 334 L3 | -80943 | 31/12/2019 | c.6 | 31/12/2019 | Libro | 60 | ||||||
| Material descartado | Préstamo 3 días | Material descartado | Biblioteca Central | Biblioteca Central | 31/12/2019 | LIBRO | 334 L3 | -80944 | 31/12/2019 | c.7 | 31/12/2019 | Libro | 61 | ||||||
| Material descartado | Préstamo 3 días | Material descartado | Biblioteca Central | Biblioteca Central | 31/12/2019 | LIBRO | 334 L3 | -80945 | 31/12/2019 | c.8 | 31/12/2019 | Libro | 62 | ||||||
| Material descartado | Préstamo 3 días | Material descartado | Biblioteca Central | Biblioteca Central | 31/12/2019 | LIBRO | 334 L3 | -80946 | 31/12/2019 | c.9 | 31/12/2019 | Libro | 63 | ||||||
| Material descartado | Préstamo 3 días | Material descartado | Biblioteca Central | Biblioteca Central | 31/12/2019 | LIBRO | 334 L3 | -80947 | 31/12/2019 | c.10 | 31/12/2019 | Libro | 64 | ||||||
| Material descartado | Préstamo 3 días | Material descartado | Biblioteca Central | Biblioteca Central | 31/12/2019 | LIBRO | 334 L3 | -80948 | 31/12/2019 | c.11 | 31/12/2019 | Libro | 65 | ||||||
| Material descartado | Préstamo 3 días | Material descartado | Biblioteca Central | Biblioteca Central | 31/12/2019 | LIBRO | 334 L3 | -80949 | 31/12/2019 | c.12 | 31/12/2019 | Libro | 66 | ||||||
| Material descartado | Préstamo 3 días | Material descartado | Biblioteca Central | Biblioteca Central | 31/12/2019 | LIBRO | 334 L3 | -80950 | 31/12/2019 | c.13 | 31/12/2019 | Libro | 67 | ||||||
| Material descartado | Préstamo 3 días | Material descartado | Biblioteca Central | Biblioteca Central | 31/12/2019 | LIBRO | 334 L3 | -80951 | 31/12/2019 | c.14 | 31/12/2019 | Libro | 68 | ||||||
| Material descartado | Préstamo 3 días | Material descartado | Biblioteca Central | Biblioteca Central | 31/12/2019 | LIBRO | 334 L3 | -80952 | 31/12/2019 | c.15 | 31/12/2019 | Libro | 69 | ||||||
| Material descartado | Préstamo 3 días | Material descartado | Biblioteca Central | Biblioteca Central | 31/12/2019 | LIBRO | 334 L3 | -80953 | 31/12/2019 | c.16 | 31/12/2019 | Libro | 70 | ||||||
| Material descartado | Préstamo 3 días | Material descartado | Biblioteca Central | Biblioteca Central | 31/12/2019 | LIBRO | 334 L3 | -80954 | 31/12/2019 | c.17 | 31/12/2019 | Libro | 71 | ||||||
| Material descartado | Préstamo 3 días | Material descartado | Biblioteca Central | Biblioteca Central | 31/12/2019 | LIBRO | 334 L3 | -80955 | 31/12/2019 | c.18 | 31/12/2019 | Libro | 72 | ||||||
| Material descartado | Préstamo 3 días | Material descartado | Biblioteca Central | Biblioteca Central | 31/12/2019 | LIBRO | 334 L3 | -80956 | 31/12/2019 | c.19 | 31/12/2019 | Libro | 73 | ||||||
| Material descartado | Préstamo 3 días | Material descartado | Biblioteca Central | Biblioteca Central | 31/12/2019 | LIBRO | 334 L3 | -80957 | 31/12/2019 | c.20 | 31/12/2019 | Libro | 74 | ||||||
| Material descartado | Préstamo 3 días | Material descartado | Biblioteca Central | Biblioteca Central | 31/12/2019 | LIBRO | 334 L3 | -80958 | 31/12/2019 | c.21 | 31/12/2019 | Libro | 75 | ||||||
| Material descartado | Préstamo 3 días | Material descartado | Biblioteca Central | Biblioteca Central | 31/12/2019 | LIBRO | 334 L3 | -80959 | 31/12/2019 | c.22 | 31/12/2019 | Libro | 76 |
